Khởi nghĩa Yên Thế
Giới thiệu khái quát vùng đất và con người Yên Thế. Cuộc khởi nghĩa Yên Thế bùng nổ và phát triển. Bước ngoặt của cuộc khởi nghĩa Yên Thế. Những trang sử oai hùng của khởi nghĩa Yên Thế
Αποθηκεύτηκε σε:
| Κύριος συγγραφέας: | |
|---|---|
| Άλλοι συγγραφείς: | |
| Μορφή: | Βιβλίο |
| Γλώσσα: | Vietnamese |
| Έκδοση: |
H.
Sở văn hoá thông tin Bắc Giang
1997
Bắc Giang Hội khoa học lịch sử Việt Nam |
| Θέματα: | |
| Ετικέτες: |
Προσθήκη ετικέτας
Δεν υπάρχουν, Καταχωρήστε ετικέτα πρώτοι!
|
| Thư viện lưu trữ: | Mạng thư viện Đại học Đà Nẵng |
|---|
| LEADER | 01549nam a22004218a 4500 | ||
|---|---|---|---|
| 001 | 000015466 | ||
| 003 | 11846 | ||
| 005 | 20120529080551.0 | ||
| 008 | 120529s1997 b 000 0 od | ||
| 020 | |d 500b | ||
| 041 | 0 | |a 9707 | |
| 041 | 0 | |a vie | |
| 080 | |a 9(V)14 | ||
| 082 | |a 959.7 |b KH-T | ||
| 084 | |a P3(1)5 |b KH462N | ||
| 100 | 1 | |a Khổng Đức Thiêm | |
| 245 | 1 | 0 | |a Khởi nghĩa Yên Thế |c Khổng Đức Thiêm, Nguyễn Xuân Cần |
| 260 | |b Sở văn hoá thông tin Bắc Giang |c 1997 | ||
| 260 | |a H. | ||
| 260 | |a Bắc Giang |b Hội khoa học lịch sử Việt Nam | ||
| 300 | |a 339tr |c 19cm | ||
| 520 | |a Giới thiệu khái quát vùng đất và con người Yên Thế. Cuộc khởi nghĩa Yên Thế bùng nổ và phát triển. Bước ngoặt của cuộc khởi nghĩa Yên Thế. Những trang sử oai hùng của khởi nghĩa Yên Thế | ||
| 653 | |a kháng chiến chống Pháp | ||
| 653 | |a Lịch sử cận đại | ||
| 653 | |a Việt Nam | ||
| 653 | |a Đề Thám | ||
| 653 | |a Yên Thế | ||
| 700 | 1 | |a Nguyễn Xuân Cần |e Tác giả | |
| OWN | |a LSP | ||
| AVA | |a UDN50 |b LSP |d 959.7 KH-T |e available |t Error 5001 Not defined in file expand_doc_bib_avail. |f 1 |g 0 |h N |i 0 |k 1 | ||
| 999 | |a From the UDN01 | ||
| AVA | |a UDN50 |b LSP |d 959.7 KH-T |e available |t Error 5001 Not defined in file expand_doc_bib_avail. |f 1 |g 0 |h N |i 0 |k 1 | ||
| TYP | |a Monograph | ||
| TYP | |a Printed language | ||
| 980 | |a Mạng thư viện Đại học Đà Nẵng | ||